01655nmm a2200289 i 4500003000900000005001700009007000300026008004100029040003300070041000800103100003900111245025400150264003800404300005800442336002700500337002900527338003900556347003100595502019700626504003400823505019800857650005901055650003201114650002501146700005301171856014101224DO-SdISF20250402153957.0ta240130s2020 dr ||||fo||d| 00| 0 spa d aDO-SdISFbspaerdacDO-SdISF aspa aZamora Mota, Henyer RamóneAutor10aModelo Social de Práctica y Motivación hacia la Práctica de Actividad Físico Deportiva del Alumno del Nivel Secundario de la República Dominicana /cAutor: Henyer Ramón Zamora Mota ; Asesor: María de los Ángeles Fernández Villarino 1aSanto Domingo :bISFODOSU, c2020 a1 recurso en línea (69 páginas) :bIlustraciones  2rdacontentatextobtxt 2rdamediaacomputadorabc 2rdacarrierarecurso en líneabcr 2rdaaarchivo de textobPDF aTesis para optar por el título de Maestría en Educación Física Integral - Instituto Superior de Formación Docente Salomé Ureña - ISFODOSU, Recinto Eugenio María de Hostos, 2020 aBibliografía en página 42 aIntroducción al problema de investigación 2 – Revisión de la Literatura 9 – Metodología 19 – presentación de los resultados 25 – referencias bibliográficas 42 – anexos 5717aEducación secundariazRepública Dominicana2armarc14aMotivación en educación14aEducación física1 aFernández Villarino, María ÁngeleseAsesor yClic para ver Texto Completo uhttps://biblioteca.isfodosu.edu.do/cgi-bin/koha/opac-retrieve-file.pl?id=fe2159323b7b4a573fc4c105cd2ca8cf